000 00424nam a2200193Ia 4500
003 0100
008 130303s9999 xx 000 0 und d
040 _cARRUPELIB
050 _aBF1559.E7 1974
245 _aExorcism
245 _bfact not fiction
260 _aNew York
260 _bNew American Library
260 _C1974
300 _a275p.
300 _b 18cm.
700 _aEbon, Martin (ed.)
942 0 0 _01
999 _c30148
_d30148